Normal view
MARC view
- Makensm James/john bowen
Entry Personal Name
001 - CONTROL NUMBER
- control field: 4009
003 - CONTROL NUMBER IDENTIFIER
- control field: JO-AjAnu
005 - DATE AND TIME OF LATEST TRANSACTION
- control field: 20230606070946.0
008 - FIXED-LENGTH DATA ELEMENTS
- fixed length control field: 230606|| aca||aabn | a|a d
040 ## - CATALOGING SOURCE
- Original cataloging agency: JO-AjAnu
- Transcribing agency: JO-AjAnu
100 ## - HEADING--PERSONAL NAME
- Personal name: Makensm James/john bowen
670 ## - SOURCE DATA FOUND
- Source citation: Work cat.: (JO-AjAnu)2087: Makensm James/john bowen , author, Marketing for Hospitality and Tourism